Statistics for Nearly Witches (Ever Since We Met...) Lyrics - Panic! At The Disco

Click here to take the quiz!

General Stats

  • This quiz has been taken 57 times
  • The average score is 202 of 352

Answer Stats

Answer% Correct
I
98%
a
96%
we
96%
me
94%
Ever
92%
met
92%
the
92%
The
92%
ya
92%
You
92%
you
92%
since
90%
do
88%
go
88%
on
88%
in
86%
to
86%
And
80%
and
80%
as
78%
it
78%
with
78%
that
76%
your
76%
My
73%
my
73%
one
73%
One
73%
is
71%
up
71%
for
69%
have
69%
only
69%
It's
67%
Its
67%
no
67%
feel
65%
good
63%
got
63%
just
61%
thing
61%
shoot
59%
le
57%
makes
57%
they
57%
They
57%
of
55%
perfume
55%
regret
55%
never
53%
where
53%
I've
51%
live
51%
through
51%
from
49%
does
47%
here
47%
Here
47%
am
45%
heart
45%
down
43%
love
43%
if
41%
I'm
41%
set
41%
silent
41%
forever
39%
How
39%
mon
39%
two
39%
has
37%
stairs
37%
three
37%
burlesque
35%
n'ai
35%
across
33%
composing
33%
innocently
33%
Kids
33%
naive
33%
start
33%
wingtips
33%
hands
31%
Out
31%
their
31%
comme
29%
creak
29%
girl
29%
haunting
29%
like
29%
watch
29%
Watch
29%
wood
29%
But
27%
floors
27%
jour
27%
Lisa
27%
please
27%
come
24%
Dès
24%
Mona
24%
necks
24%
pleased
24%
premier
24%
ramshackle
24%
reason
24%
rest
24%
waltz
24%
asked
22%
letting
22%
okay
22%
par
22%
remember
22%
conducting
20%
cradles
20%
je
20%
marching
20%
noticed
20%
presence
20%
ready
20%
show
20%
splintered
20%
ce
18%
drum
18%
Feet
18%
fingers
18%
heads
18%
melody
18%
parfum
18%
slumbering
18%
Sunken
18%
ton
18%
trembling
18%
wake
18%
amour
16%
beat's
16%
cobweb
16%
Drag
16%
Et
16%
et
16%
headaches
16%
Matching
16%
serve
16%
ces
14%
clocks
14%
dans
14%
gotten
14%
instants
14%
j'aimerais
14%
percussive
14%
play
14%
they've
14%
unique
14%
apparitions
12%
lost
12%
Mais
12%
seul
12%
toi
12%
enivra
10%
être
10%
moments
10%
qu'un
10%
Ahhh
6%
despuis
6%

Score Distribution

Percentile by Number Answered

Percent of People with Each Score

Your Score History

You have not taken this quiz